Európai Uniós támogatás felhasználása a külkereskedelmi versenyképesség növelése érdekben

Bibliographic Details
Main Author: Szücs Dorottya
Other Authors: Kruppa Dr. Éva
Format: Final Paper
Kulcsszavak:Európai uniós támogatások
Versenyképesség
Regionális politika
Külkereskedelem
Online Access:http://dolgozattar.uni-bge.hu/16383

MARC

LEADER 00000nta a2200000 i 4500
001 dolg16383
005 20200327103116.0
008 180514suuuu hu o 000 hun d
040 |a BGE Dolgozattár Repozitórium  |b hun 
041 |a hu 
100 1 |a Szücs Dorottya 
245 1 0 |a Európai Uniós támogatás felhasználása a külkereskedelmi versenyképesség növelése érdekben  |c Szücs Dorottya  |h [elektronikus dokumentum] 
516 |a Final_paper 
695 |a Európai uniós támogatások 
695 |a Versenyképesség 
695 |a Regionális politika 
695 |a Külkereskedelem 
700 1 |a Kruppa Dr. Éva  |e ths 
856 4 0 |u http://dolgozattar.uni-bge.hu/16383/1/z%C3%A1r%C3%B3dolgozat_0511PDF.pdf  |z Dokumentum-elérés 
856 4 0 |u http://dolgozattar.uni-bge.hu/16383/2/HivatalosBejegyzes.pdf  |z Dokumentum-elérés